| 000 | 00706nam a22002297a 4500 | ||
|---|---|---|---|
| 999 |
_c152 _d152 |
||
| 003 | AR-CdUCM | ||
| 008 | 190222b ||||| |||| 00| 0 spa d | ||
| 040 |
_aMUNICIPALIDAD PROVINCIAL DEL CUSCO _cBIBLIOTECA MUNICIPAL DEL CUSCO |
||
| 082 |
_a869.5592 / _bM28 |
||
| 100 |
_aMatto de Turner, Clorinda _9719 |
||
| 245 | _aAves Sin Nido / | ||
| 260 |
_aCusco : _bGráfica Bellido, _c1986. |
||
| 300 |
_a167 paginas ; _c21 cm. |
||
| 505 | _aNovela | ||
| 650 |
_aNovela Peruana _9720 |
||
| 650 |
_aNovela Cusqueña _9721 |
||
| 650 |
_aCostrumbres _9722 |
||
| 650 |
_aLiteratura Cusqueña _9723 |
||
| 856 | _f\\192.168.1.15\comparte\CasaClorinda.pdf | ||
| 942 |
_2ddc _cLIBROS |
||
| 945 |
_aacv _d2019-02-22 |
||